00708 a2200205 4500010001400000020001100014035001300025037001800038082000800056090001500064100001600079245006500095260003600160270009800196300002500294710001700319942002300336999001500359952012800374 aENG-85676 c395.00 aEN-69209 bD.B.Act / Pub14a921 c3425d34251 aColvin, Ian1 aThe life of General Dyercby Ian Colvin edited by Harsh Jain aChandigarhbUnistar Booksc2006 aS.C.O. 26-27, Sector 34 A,bChandigarhe160 022k0172-5077427, 5077428minfo@unistarbooks.com a270 p.c22 cm ( Hb.)1 aJain, Harish adplcENk921 / DYE c3358d3358 00102ddc40718NFICaDBADbDBADeDBAD/PUBg395.00l0o921pEN-69209r2008-09-15 00:00:00t1u3577v395.00w2008-09-15yEN